| 000 | 00865cam a2200229 a 4500 | ||
|---|---|---|---|
| 001 | 000010015 | ||
| 005 | 20240503073630.0 | ||
| 008 | 760629s1969 sp 000 f spa d | ||
| 040 |
_aDO-SdBNP _bspa _cBNPHU |
||
| 082 |
_a863.3 _bC419L |
||
| 100 | 1 |
_aCervantes Saavedra, Miguel de, _d1547-1616 _93070 |
|
| 245 | 1 | 3 |
_aEl licenciado Vidriera : _by otras novelas ejemplares / _cCervante ; edición y notas de Inmaculada Ferrer ; prólogo de Luis Rosales. |
| 260 |
_aBarcelona : _bSalvat, _c1969. |
||
| 300 |
_a189 p. ; _c19 cm. |
||
| 490 | 1 |
_aBiblioteca básica Salvat _v8 |
|
| 650 | 4 |
_aNovela española _91123 |
|
| 650 | 4 |
_aLiteratura española _9632 |
|
| 600 | 1 | 4 |
_aCERVANTES SAAVEDRA, MIGUEL DE, _d1547-1616 _xCOLECCIONES _924963 |
| 700 | 1 |
_aFerrer, Inmaculada, _eed. _924964 |
|
| 700 | 1 |
_aRosales, Luis, _epról. _924965 |
|
| 830 | 0 |
_aBiblioteca básica Salvat ; _v8 _917630 |
|
| 999 |
_c9774 _d9774 |
||